Central Library OPAC University of Rajshahi

Theory of International Trade and Money / (Record no. 7160)

MARC details
000 -LEADER
fixed length control field 00568nam a22002177a 4500
001 - CONTROL NUMBER
control field 7160
003 - CONTROL NUMBER IDENTIFIER
rucl marc code BD-RjUL
005 - DATE AND TIME OF LATEST TRANSACTION
control field 20211208234356.0
008 - FIXED-LENGTH DATA ELEMENTS--GENERAL INFORMATION
fixed length control field 140113s1972 ii ||| |||| 000 0 eng d
035 ## - SYSTEM CONTROL NUMBER
System control number (BD-RjUL)
040 ## - CATALOGING SOURCE
Original cataloging agency BD-RjUL
Language of cataloging eng
Transcribing agency BD-RjUL
041 ## - LANGUAGE CODE
Language code of text/sound track or separate title eng
082 04 - DEWEY DECIMAL CLASSIFICATION NUMBER
Edition number 19
Classification number 658
Author mark and year GHT
100 ## - MAIN ENTRY--PERSONAL NAME
Personal name Ghosh,U .N
9 (RLIN) 22404
245 ## - TITLE STATEMENT
Title Theory of International Trade and Money /
Statement of responsibility, etc. Ghosh,U .N
260 ## - PUBLICATION, DISTRIBUTION, ETC. (IMPRINT)
Place of publication, distribution, etc. New Delhi :
Name of publisher, distributor, etc. Chand and Sons ;
Date of publication, distribution, etc. 1972
300 ## - PHYSICAL DESCRIPTION
Pagination 180p. ;
Size 24cm.
504 ## - BIBLIOGRAPHY, ETC. NOTE
Bibliography, etc Includes Index
650 07 - SUBJECT ADDED ENTRY--TOPICAL TERM
Source of heading or term SLSH
Topical term or geographic name as entry element Commerce.
9 (RLIN) 22405
942 ## - ADDED ENTRY ELEMENTS (KOHA)
Source of classification or shelving scheme Dewey Decimal Classification
Koha item type Books
Holdings
Lost status Source of classification or shelving scheme Damaged status Not for loan Collection code Permanent Location Current Location Shelving location Date acquired Source of acquisition Cost, normal purchase price Total Checkouts Full call number Date last seen Copy number Koha item type
  Dewey Decimal Classification   Not For Loan Non-fiction Central Library, University of Rajshahi Central Library, University of Rajshahi   01/08/1973 Uttara Bangla Lis 26.00   658 GHT 1972 13/01/2014 C-1 Books